000 00279nam a2200097Ia 4500
001 655263
005 20250826154533.0
008 250824s9999 xx 000 0 und d
245 0 _aBİR ATIN HİKAYESİ ANTİK OKUL KLASİKLERİ
_cMARK TWAIN
260 _bANTİK DÜNYA KLASİKLERİ
999 _c655263
_d655263